00319nam a2200121Ia 4500008004100000041000900041082001800050100001500068245005400083260004400137300000800181650000800189230718s9999 xx 000 0 und d aEng. a346.56bKHA-C aKhan Hamid 0aConstituitional and political history of pakistan aPakistanbOxford University Pressc2009 a812 aLaw